000
00293nam a2200121Ia 4500
008
211105s9999 xx 000 0 und d
020
_a
VYASA10475
100
_a
Hadfield Geoffrey
245
0
_a
Recent Advances In Pathology
250
_a
\N
260
_b
J.& A.Churchill Ltd
_c
\N
300
_a
363p.
999
_c
3393
_d
3393